[Event "FRA-ch Blitz Online Qual"]
[Site "Europe Echecs INT"]
[Date "2020.05.16"]
[Round "5"]
[White "Drieu, Hugo"]
[Black "Albaladejo, Sylviane"]
[Result "1-0"]
[WhiteElo "1425"]
[BlackElo "1025"]
[PlyCount "93"]
[EventDate "2020.05.16"]
[EventType "swiss (blitz)"]
[EventRounds "15"]
[EventCountry "FRA"]
[SourceTitle "CBM 196 Extra"]
[Source "ChessBase"]
[SourceDate "2020.07.31"]
[SourceVersion "1"]
[SourceVersionDate "2020.07.31"]
[SourceQuality "1"]

1. e4 e5 2. Nf3 Nc6 3. Bc4 Bc5 4. 0-0 Nf6 5. Re1 0-0 6. h3 Nd4 7. c3 Nxf3+ 8. Qxf3 c6 9. Bb3 b5 10. Rd1 d6 11. d4 exd4 12. cxd4 Bb6 13. e5 dxe5 14. dxe5 Qxd1+ 15. Qxd1 Ne4 16. Be3 Bxe3 17. fxe3 Be6 18. Bxe6 fxe6 19. Nc3 Nc5 20. Qd6 Ne4 21. Qxe6+ Kh8 22. Nxe4 Rae8 23. Qd6 Rd8 24. Qc5 Rfe8 25. Nd6 Re7 26. Rf1 Rg8 27. Nf7+ Rxf7 28. Rxf7 h6 29. Rf8 Kh7 30. Qc2+ Kh8 31. Rxg8+ Kxg8 32. Qg6 c5 33. Kf2 a5 34. Kf3 b4 35. Ke4 c4 36. Kd4 a4 37. Kxc4 b3 38. axb3 axb3 39. Kxb3 h5 40. Kc4 h4 41. Kd5 Kf8 42. Ke6 Kg8 43. b4 Kf8 44. b5 Kg8 45. b6 Kh8 46. b7 Kg8 47. b8Q# 1-0

[Event "FRA-ch Blitz Online Qual"]
[Site "Europe Echecs INT"]
[Date "2020.05.16"]
[Round "4"]
[White "Grosse, Ludovic"]
[Black "Drieu, Hugo"]
[Result "1-0"]
[WhiteElo "1958"]
[BlackElo "1425"]
[PlyCount "31"]
[EventDate "2020.05.16"]
[EventType "swiss (blitz)"]
[EventRounds "15"]
[EventCountry "FRA"]
[SourceTitle "CBM 196 Extra"]
[Source "ChessBase"]
[SourceDate "2020.07.31"]
[SourceVersion "1"]
[SourceVersionDate "2020.07.31"]
[SourceQuality "1"]

1. d4 Nf6 2. Nf3 g6 3. Bf4 Bg7 4. Nbd2 0-0 5. e4 d6 6. Bc4 Nbd7 7. 0-0 c5 8. c3 a6 9. a4 Rb8 10. a5 Re8 11. Bxf7+ Kxf7 12. Ng5+ Kg8 13. Ne6 Nh5 14. Be3 cxd4 15. cxd4 Bxd4 16. Bxd4 1-0

[Event "FRA-ch Blitz Online Qual"]
[Site "Europe Echecs INT"]
[Date "2020.05.16"]
[Round "2"]
[White "Morand, Olivier"]
[Black "Drieu, Hugo"]
[Result "0-1"]
[WhiteElo "1009"]
[BlackElo "1425"]
[PlyCount "56"]
[EventDate "2020.05.16"]
[EventType "swiss (blitz)"]
[EventRounds "15"]
[EventCountry "FRA"]
[SourceTitle "CBM 196 Extra"]
[Source "ChessBase"]
[SourceDate "2020.07.31"]
[SourceVersion "1"]
[SourceVersionDate "2020.07.31"]
[SourceQuality "1"]

1. d4 Nf6 2. c4 g6 3. Nc3 Bg7 4. e4 d6 5. f4 Nbd7 6. Nf3 c5 7. Be3 Ng4 8. Qd2 Nxe3 9. Qxe3 0-0 10. Bd3 cxd4 11. Nxd4 Nc5 12. 0-0 e5 13. fxe5 dxe5 14. Nf3 Qxd3 15. Qxd3 Nxd3 16. Nd5 Be6 17. Nc7 Rac8 18. Nxe6 fxe6 19. Rad1 Nxb2 20. Rd2 Nxc4 21. Rc2 Nd6 22. Rxc8 Rxc8 23. Ng5 Rf8 24. Nxe6 Rxf1+ 25. Kxf1 Nxe4 26. g3 Kf7 27. Nc7 Nc3 28. a3 Bf8 0-1